|
|
|
|
| LEADER |
00640nab a2200205 i 4500 |
| 001 |
acta8229 |
| 005 |
20250618130331.0 |
| 008 |
161015s1989 hu o 000 hun d |
| 022 |
|
|
|a 0237-4951
|
| 040 |
|
|
|a SZTE Egyetemi Kiadványok Repozitórium
|b hun
|
| 041 |
|
|
|a hun
|
| 100 |
1 |
|
|a Balog József
|
| 245 |
1 |
3 |
|a Az utolsó közlegénynek
|h [elektronikus dokumentum] /
|c Balog József
|
| 260 |
|
|
|c 1989
|
| 300 |
|
|
|a 12-19
|
| 490 |
0 |
|
|a Harmadkor
|
| 650 |
|
4 |
|a Bölcsészettudományok
|
| 650 |
|
4 |
|a Nyelvek és irodalom
|
| 695 |
|
|
|a Magyar irodalom - próza
|
| 856 |
4 |
0 |
|u http://acta.bibl.u-szeged.hu/8229/1/harmadkor_010_012-019.pdf
|z Dokumentum-elérés
|